Aquinas's Summa : (Record no. 41781)
[ view plain ]
| 000 -LEADER | |
|---|---|
| fixed length control field | 01323cam a2200349 a 4500 |
| 001 - CONTROL NUMBER | |
| control field | 54865693 |
| 003 - CONTROL NUMBER IDENTIFIER | |
| control field | OCoLC |
| 005 - DATE AND TIME OF LATEST TRANSACTION | |
| control field | 20180502112115.0 |
| 008 - FIXED-LENGTH DATA ELEMENTS--GENERAL INFORMATION | |
| fixed length control field | 040315s2005 dcux b o001 0 eng |
| 010 ## - LIBRARY OF CONGRESS CONTROL NUMBER | |
| LC control number | 2004006128 |
| 020 ## - INTERNATIONAL STANDARD BOOK NUMBER | |
| International Standard Book Number | 0813213983 (pbk. : alk. paper) |
| 024 3# - OTHER STANDARD IDENTIFIER | |
| Standard number or code | 9780813213989 |
| 040 ## - CATALOGING SOURCE | |
| Original cataloging agency | DLC |
| Transcribing agency | DLC |
| Modifying agency | C#P |
| -- | BAKER |
| 041 1# - LANGUAGE CODE | |
| Language code of text/sound track or separate title | eng |
| Language code of original and/or intermediate translations of text | fre |
| 042 ## - AUTHENTICATION CODE | |
| Authentication code | pcc |
| 049 ## - LOCAL HOLDINGS (OCLC) | |
| Holding library | IYUU |
| 100 1# - MAIN ENTRY--PERSONAL NAME | |
| Personal name | Torrell, Jean-Pierre. |
| 240 10 - UNIFORM TITLE | |
| Uniform title | <a href="Somme de theologie de saint Thomas d'Aquin.">Somme de theologie de saint Thomas d'Aquin.</a> |
| Language of a work | English. |
| 245 10 - TITLE STATEMENT | |
| Title | Aquinas's Summa : |
| Remainder of title | background, structure, & reception / |
| Statement of responsibility, etc | Jean-Pierre Torrell ; translated by Benedict M. Guevin. |
| 260 ## - PUBLICATION, DISTRIBUTION, ETC. (IMPRINT) | |
| Place of publication, distribution, etc | Washington, D.C. : |
| Name of publisher, distributor, etc | Catholic University of America Press, |
| Date of publication, distribution, etc | c2005. |
| 300 ## - PHYSICAL DESCRIPTION | |
| Extent | x, 156 p. ; |
| Dimensions | 22 cm. |
| 336 ## - CONTENT TYPE | |
| Content Type Term | text |
| 337 ## - MEDIA TYPE | |
| Media Type Term | unmediated |
| 338 ## - CARRIER TYPE | |
| Carrier Type Term | volume |
| 504 ## - BIBLIOGRAPHY, ETC. NOTE | |
| Bibliography, etc | Includes bibliographical references (p. 135-138) and index. |
| 505 0# - FORMATTED CONTENTS NOTE | |
| Formatted contents note | The author and his work -- The Summa : structures and content 1 -- The Summa : structures and content 2 -- The literary and doctrinal milieu -- The Summa through history -- The Summa in the twentieth century. |
| 600 00 - SUBJECT ADDED ENTRY--PERSONAL NAME | |
| Personal name | Thomas, |
| Titles and other words associated with a name | Aquinas, Saint, |
| Dates associated with a name | 1225?-1274. |
| Title of a work | Summa theologica. |
| 610 20 - SUBJECT ADDED ENTRY--CORPORATE NAME | |
| Corporate name or jurisdiction name as entry element | Catholic Church |
| General subdivision | Doctrines. |
| 650 #0 - SUBJECT ADDED ENTRY--TOPICAL TERM | |
| Topical term or geographic name as entry element | Theology, Doctrinal. |
| 951 ## - EQUIVALENCE OR CROSS-REFERENCE-GEOGRAPHIC NAME/AREA NAME [OBSOLETE] [CAN/MARC only] | |
| Geographic name | hardcopy if avail. |
| 942 ## - ADDED ENTRY ELEMENTS (KOHA) | |
| Source of classification or shelving scheme | Library of Congress Classification |
| Item type | Books |
| Withdrawn status | Lost status | Source of classification or shelving scheme | Damaged status | Not for loan | Home library | Current library | Shelving location | Date acquired | Source of acquisition | Inventory number | Total Checkouts | Full call number | Barcode | Date last seen | Price effective from | Koha item type |
|---|---|---|---|---|---|---|---|---|---|---|---|---|---|---|---|---|
| Library of Congress Classification | BSOP Library | BSOP Library | GC | 05/02/2018 | 40861 | BX1749 Aq5 2005 | 00051861 | 05/02/2018 | 05/02/2018 | Books |
